Online Catalogue and eLibrary

The Ceylon Trade Union Movement (Record no. 2737)

MARC details
000 -LEADER
fixed length control field 00362nam a2200133Ia 4500
005 - DATE AND TIME OF LATEST TRANSACTION
control field 20240408020808.0
008 - FIXED-LENGTH DATA ELEMENTS--GENERAL INFORMATION
fixed length control field 240331s9999 xx 000 0 und d
082 ## - DDC Classification
Item Number - Author Mark CEY
Class No. 331.8
245 #4 - TITLE STATEMENT
Title The Ceylon Trade Union Movement
Statement of responsibility, etc. National Welfare Association
260 ## - PUBLICATION, DISTRIBUTION, ETC.
Place of publication, distribution, etc. Colombo :
Name of publisher, distributor, etc. National Welfare Association /
300 ## - PHYSICAL DESCRIPTION
Extent (e.g. Volumes, Pages etc.) 40 p .,
650 ## - SUBJECT ADDED ENTRY--TOPICAL TERM
Topical term or geographic name entry element women
942 ## - Koha item type (Biblio)
Koha item type Books in Stacks (Lending)
Holdings
Lost status Damaged status Collection code Home library Current library Shelving location Date acquired Full call number Accession Number Item type
    Lending WERC Library WERC Library Social Science Cupboard 03/31/2024 331.8 CEY 185 Books in Stacks (Lending)

© WERC Library